Draw A Pixel Picture IX Quiz Stats

Quiz Updated Apr 15, 2018

Challenge
Share
Tweet
Score 0/114 Timer 07:00
168 Plays Today
% Correct
???
67.4%
???
66.3%
???
65.8%
???
65.7%
???
65.5%
???
65.2%
???
64.7%
???
64.6%
???
64.1%
???
64%
???
64%
???
63.8%
???
63.8%
???
63.7%
???
63.6%
???
63.3%
???
63.2%
???
63%
???
62.6%
???
62.6%
???
62.4%
???
62.3%
???
62.3%
???
62.3%
???
62.3%
???
62%
???
61.7%
???
61.4%
???
61.4%
???
61.1%
???
61%
???
60.9%
???
60.7%
???
60.7%
???
60.6%
???
60.4%
???
60.4%
???
60.3%
% Correct
???
60.2%
???
60.1%
???
60%
???
59.9%
???
59.8%
???
59.7%
???
59.7%
???
59.5%
???
59.2%
???
59.2%
???
58.8%
???
58.8%
???
58.8%
???
58.7%
???
58.7%
???
58.7%
???
58.6%
???
58.5%
???
58.5%
???
58.4%
???
58.2%
???
58.2%
???
57.5%
???
57.5%
???
57.4%
???
57.3%
???
57.2%
???
57.2%
???
57.1%
???
56.6%
???
56.3%
???
56.3%
???
56.3%
???
55.9%
???
55.6%
???
55.5%
???
55.5%
???
55.3%
% Correct
???
55%
???
55%
???
55%
???
54.9%
???
54.8%
???
54.7%
???
54.6%
???
54.5%
???
54.3%
???
54.1%
???
54.1%
???
54%
???
53.9%
???
53.7%
???
53.7%
???
53.5%
???
53.4%
???
53.4%
???
53.4%
???
53.3%
???
53.3%
???
53.2%
???
53.1%
???
53.1%
???
52.8%
???
52.6%
???
52.6%
???
52.6%
???
52%
???
51.9%
???
51.8%
???
51.8%
???
51.7%
???
51.1%
???
51%
???
51%
???
49.9%
???
49.2%

You're not logged in!

Compare scores with friends on all Sporcle quizzes.
Sign Up with Email
OR
Log In

You Might Also Like...

Show Comments

Extras

Top Quizzes Today


Score Distribution

Your Account Isn't Verified!

In order to create a playlist on Sporcle, you need to verify the email address you used during registration. Go to your Sporcle Settings to finish the process.

Report this User

Report this user for behavior that violates our Community Guidelines.

Details: